| 000 | 01556cam a22004097a 4500 | ||
|---|---|---|---|
| 003 | CHAP | ||
| 005 | 20220329141845.0 | ||
| 008 | 980311d1988 mx r 00110 spa d | ||
| 010 | _a74895 | ||
| 011 | _a75867 | ||
| 035 | _a85438 | ||
| 040 | _cCHAP | ||
| 090 | _aTesis | ||
| 100 | 0 | 0 |
_aAguilar Olague, Jorge Luis. _92789 |
| 245 | 1 | 0 |
_aEvaluación de las pérdidas de maíz en el sistema de post-maduración en fincas del noroeste de México _c/por Jorge Luis Aguilar Olague, Miguel Angel Martínez Garza, Edmundo Santos de León y Amaro Leal García |
| 260 |
_aMarín, N. L. : _bEl autor, _c1988. |
||
| 300 | _a69 h. | ||
| 502 | _aTesis (Ing. Agr. Esp. en Fitotecnia) -- Universidad Autónoma de Nuevo León. Facultad de Agronomía | ||
| 590 |
_aALEPH _b10 _c20130110 _lUCH01 _h1422 |
||
| 590 |
_aBATCH-UPD _b10 _c20130110 _lUCH01 _h0305 |
||
| 590 |
_aBATCH-UPD _b10 _c20130110 _lUCH01 _h1200 |
||
| 590 |
_aBATCH-UPD _b10 _c20130409 _lUCH01 _h2336 |
||
| 590 |
_aBATCH-UPD _b10 _c20130410 _lUCH01 _h1642 |
||
| 590 |
_aBATCH-UPD _b10 _c20130913 _lUCH01 _h2314 |
||
| 590 |
_aCONVERSION _b10 _c20130109 _lUCH01 _h1341 |
||
| 650 | 1 | 4 |
_aCosechas _xPérdidas de. _928443 |
| 650 | 1 | 4 |
_aMaíz _xAlmacenamiento. _970853 |
| 650 | 1 | 4 |
_aMaíz _xNuevo León. _971029 |
| 650 | 1 | 4 |
_aMaíz _xTamaulipas. _971067 |
| 700 | 0 |
_aLeal García, Amaro. _965294 |
|
| 700 | 0 |
_aMartínez Garza, Miguel Ángel. _972083 |
|
| 700 | 0 |
_aSantos de León, Edmundo. _9102468 |
|
| 901 | _aBK | ||
| 905 | _aLilia Sánchez G. | ||
| 942 | _cTESIS | ||
| 949 |
_bBC _cTES _d854381 _eTS1 _h20760 _i85438 _sb |
||
| 999 |
_c74895 _d74895 |
||